| 000 -ლიდერი |
| ფიქსირებული სიგრძის საკონტროლო ველი |
00942nam a2200205Ia 4500 |
| 001 - საკონტროლო ნომერი |
| საკონტროლო ველი |
8203 |
| 003 - საკონტროლო ნომრის იდენტიფიკატორი |
| საკონტროლო ველი |
GE_BSU |
| 005 - ბოლო ოპერაციის თარიღი და დრო |
| საკონტროლო ველი |
20221005104003.0 |
| 008 - ფიქსირებული სიგრძის მონაცემთა ელემენტები - ზოგადი ინფორმაცია |
| ფიქსირებული სიგრძის საკონტროლო ველი |
181216s2004ge xx |||||||||||||| ||geo|| |
| 040 ## - კატალოგიზაციის წყარო |
| Transcribing agency |
GE_BSU |
| 041 ## - ენის კოდი |
| Language code of text/sound track or separate title |
geo |
| 080 ## - უნივერსალური ათობითი კლასიფიკაციის ინდექსი |
| Universal Decimal Classification number |
821.353.1-09 დ-90 |
| 100 ## - მთავარი ჩანაწერი - პიროვნების სახელი |
| Personal name |
დუმბაძე, ნოდარ. |
| 9 (RLIN) |
1321 |
| 245 ## - ცნობა სათაურის შესახებ |
| Title |
შთაბეჭდილებები, |
| Remainder of title |
წერილები, გამოსვლები / |
| Statement of responsibility, etc |
ნოდარ დუმბაძე, რედ. დ.კემულარია, მხატვ: დ.დუნდუა. |
| 264 ## - წარმოების, გამოცემის, დისტრიბუციის და სხვა ცნობები |
| გამოცემის, წარმოების, დისტრიბუციის... ადგილი |
თბილისი : |
| გამოცემის, წარმოების, დისტრიბუციის... სახელწოდება |
საბჭ.საქართველო, |
| გამოცემის, წარმოების, დისტრიბუციის... თარიღი |
1984. |
| 300 ## - ფიზიკური აღწერა |
| Extent |
231 გვ; |
| Other physical details |
1ფ.პორტ. |
| Dimensions |
20 სმ. |
| 653 ## - INDEX TERM--UNCONTROLLED |
| Uncontrolled term |
შთაბეჭდილებები,წერილები, გამოსვლები. |
| 700 ## - ADDED ENTRY--PERSONAL NAME |
| Personal name |
კემულარია, დ |
| Relator term |
რედაქტორი |
| 9 (RLIN) |
15046 |
| 942 ## - ADDED ENTRY ELEMENTS (KOHA) |
| Koha item type |
წიგნი |
| Source of classification or shelving scheme |
|